Tribal issues in new economic order (Record no. 57930)

000 -LEADER
fixed length control field 01056pab a2200181 454500
008 - FIXED-LENGTH DATA ELEMENTS--GENERAL INFORMATION
fixed length control field 180718b2003 xxu||||| |||| 00| 0 eng d
100 ## - MAIN ENTRY--PERSONAL NAME
Personal name Mukhopadhyay, Lipi
245 ## - TITLE STATEMENT
Title Tribal issues in new economic order
260 ## - PUBLICATION, DISTRIBUTION, ETC.
Date of publication, distribution, etc. 2003
300 ## - PHYSICAL DESCRIPTION
Extent p.212-221.
362 ## - DATES OF PUBLICATION AND/OR SEQUENTIAL DESIGNATION
Dates of publication and/or sequential designation Apr-Jun
520 ## - SUMMARY, ETC.
Summary, etc. The developmental Schemes for tribals have caused several disadvantages, mainly displacement and loss of land. Even the land alienation has kept these groups away from opportunity for education, health and employment. The tribals have become dependent on the wages, working as agricultural, mining or factory labourers. This article suggests that efforts should be made for tribal development in the very areas of their habitat by leaving local resources to the community. The strengthening of institutions of local self-government can keep the deprived sections cushioned from the operation of market forces. - Reproduced.
650 ## - SUBJECT ADDED ENTRY--TOPICAL TERM
Topical term or geographic name entry element Tribes - India
650 ## - SUBJECT ADDED ENTRY--TOPICAL TERM
Topical term or geographic name entry element Tribes
773 ## - HOST ITEM ENTRY
Main entry heading Indian Journal of Public Administration
908 ## - PUT COMMAND PARAMETER (RLIN)
Put command parameter N
909 ## -
-- 57930
Holdings
Withdrawn status Lost status Damaged status Not for loan Permanent Location Current Location Date acquired Serial Enumeration / chronology Barcode Date last seen Price effective from Koha item type
        Indian Institute of Public Administration Indian Institute of Public Administration 2018-07-19 Volume no: 49, Issue no: 2 AR58375 2018-07-19 2018-07-19 Articles

Powered by Koha